Transport engineering economics (Record no. 81419)

MARC details
000 -LEADER
fixed length control field 00657nam a2200157 a 4500
008 - FIXED-LENGTH DATA ELEMENTS--GENERAL INFORMATION
fixed length control field 120416s0000 ||||||||||||||||| || u
020 ## - INTERNATIONAL STANDARD BOOK NUMBER
International Standard Book Number 0708844054
050 ## - LIBRARY OF CONGRESS CALL NUMBER
Classification number TA 1145 Heg
100 ## - MAIN ENTRY--PERSONAL NAME
Personal name Heggie, Ian G
245 10 - TITLE STATEMENT
Title Transport engineering economics
260 ## - PUBLICATION, DISTRIBUTION, ETC.
Place of publication, distribution, etc. London
Name of publisher, distributor, etc. McGraw-Hill
Date of publication, distribution, etc. 1972
300 ## - PHYSICAL DESCRIPTION
Extent ix, 265p. : ill.
350 ## -
-- 0.00
995 ## -
-- MAIN LIBRARY OPEN ACCESS
-- 0.00
-- 718480
-- CBU-MAIN LIBRARY (Kitwe)
-- 1
-- 6.25
-- TA 1145 Heg
-- 1
-- AVAILABLE
-- 56013
-- Main Library Open Access Collection
995 ## -
-- MAIN LIBRARY OPEN ACCESS
-- 0.00
-- 718481
-- CBU-MAIN LIBRARY (Kitwe)
-- 2
-- 6.25
-- TA 1145 Heg
-- AVAILABLE
-- 014001
-- Main Library Open Access Collection
999 ## -
-- 81419
-- 81419
Holdings
Withdrawn status Lost status Source of classification or shelving scheme Damaged status Not for loan Permanent Location Current Location Shelving location Date acquired Total Checkouts Full call number Barcode Date last seen Copy number Price effective from Koha item type
          CBU-MAIN LIBRARY, KITWE. CBU-MAIN LIBRARY, KITWE.   08/18/2023   TA 1145 Heg 56013 08/18/2023 1 08/18/2023 MONOGRAPH
          CBU-MAIN LIBRARY, KITWE. CBU-MAIN LIBRARY, KITWE.   08/18/2023   TA 1145 Heg 014001 08/18/2023 2 08/18/2023 MONOGRAPH